000 00501nmm a2200169Ia 4500
008 251105s9999||||xx |||||||||||||||||und||
020 _a8470305417
041 _aspa
100 _aArdila y Cols, Rubén
245 0 _aManual de análisis experimental del comportamiento.
264 _a[Madrid, España] :
_bBiblioteca Nueva,
_c1998
300 _a547 páginas
490 _aPsicología Universidad
650 _aPsychology
856 _uhttps://public.digitaliapublishing.com/a/4468
942 _cCF
999 _c73107
_d73107